| 000 | 01575 a2200241 4500 | ||
|---|---|---|---|
| 003 | Nust | ||
| 005 | 20230531110712.0 | ||
| 010 | _a 97047128 | ||
| 020 | _a8131704408 | ||
| 040 | _cNust | ||
| 082 | 0 | 0 | _a005.133,DEI |
| 100 | 1 |
_aDeitel, Harvey M., _914017 |
|
| 245 | 1 | 0 |
_aC++ (Include CD) : _bhow to program / _cH.M. Deitel, P.J. Deitel. |
| 250 | _a5th ed. | ||
| 260 |
_aUpper Saddle River, NJ : _bPrentice Hall, _cc2004. |
||
| 300 |
_alvii, 1130 p. : _bill. ; _c24 cm. |
||
| 440 | 0 |
_aHow to program series _917973 |
|
| 505 | _aIntroduction to Computers, the Internet and World Wide Web (Page-1), Introduction to C ++ Programming (Page-32)m Introduction to Classes and Objects (Page-70), Control Statements Part I (Page-120), Control Statements Part II (Page-181), m Functions and an Introduction to Recursion (Page-234), Arrays and Vectors (Page-322), Pointers and Pointer-Based Strings (Page-397), Classes A Deeper Look Part I (Page-476), Classes A Deeper Look Part II (Page-518), Operator Overloading String and Array Objects (Page-566), Object-Oriented Programming Inheritance (Page-628), Object-Oriented Programming Polymorphism (Page-681), Templates (Page-743), Stream Input/output (Page-763)m Exception Handling (Page-804), File Processing (Page-835), Web Programming (Page-905), Searching and Sorting (Page-969)m Data Structures (Page-992), Standard Template Library (STL) (Page-1051), Other Topics (Page-1141). | ||
| 650 | 0 | _aC++ (Computer program language) | |
| 651 |
_a(Include CD) _98953 |
||
| 700 | 1 |
_aDeitel, Paul J. _914019 |
|
| 942 |
_2ddc _cBKB |
||
| 999 |
_c188358 _d188358 |
||